A selection of cases illustrative of the law of contract : (Record no. 22034)
[ view plain ]
| 000 -LEADER | |
|---|---|
| fixed length control field | 01380cam a22002895a 4500 |
| 001 - CONTROL NUMBER | |
| control field | 8257204 |
| 005 - DATE AND TIME OF LATEST TRANSACTION | |
| control field | 20160731130512.0 |
| 008 - FIXED-LENGTH DATA ELEMENTS--GENERAL INFORMATION | |
| fixed length control field | 850305s2014 enk frb 000 0 eng d |
| 010 ## - LIBRARY OF CONGRESS CONTROL NUMBER | |
| LC control number | 22013767 |
| 020 ## - INTERNATIONAL STANDARD BOOK NUMBER | |
| International Standard Book Number | 110745574X |
| 020 ## - INTERNATIONAL STANDARD BOOK NUMBER | |
| International Standard Book Number | 9781107455740 |
| 040 ## - CATALOGING SOURCE | |
| Original cataloging agency | DLC |
| Language of cataloging | eng |
| Transcribing agency | CarP |
| Modifying agency | EG-ScBUE |
| 082 04 - DEWEY DECIMAL CLASSIFICATION NUMBER | |
| Classification number | 349.602 |
| Item number | KEN |
| Edition number | 22 |
| 100 1# - MAIN ENTRY--PERSONAL NAME | |
| Personal name | Kenny, Courtney Stanhope, |
| Dates associated with a name | 1847-1930. |
| 9 (RLIN) | 40460 |
| 245 12 - TITLE STATEMENT | |
| Title | A selection of cases illustrative of the law of contract : |
| Remainder of title | (based on the collection of G. B. Finch) / |
| Statement of responsibility, etc | by Courtney Stanhope Kenny. |
| 260 ## - PUBLICATION, DISTRIBUTION, ETC. (IMPRINT) | |
| Place of publication, distribution, etc | Cambridge : |
| Name of publisher, distributor, etc | Cambridge University press, |
| Date of publication, distribution, etc | 2014. |
| 300 ## - PHYSICAL DESCRIPTION | |
| Extent | xi, 511 p. |
| Dimensions | 22 cm. |
| 500 ## - GENERAL NOTE | |
| General note | First published : 1922. |
| 504 ## - BIBLIOGRAPHY, ETC. NOTE | |
| Bibliography, etc | Includes bibliographical references. |
| 505 ## - FORMATTED CONTENTS NOTE | |
| Formatted contents note | Preface; Offer and acceptance -- Form of contract -- Consideration -- Capacity of parties -- Reality of consent -- Unlawful agreements -- Agency -- Discharge -- Remedies for breach of contract -- Interpretation of contracts -- The assignment of contracts. |
| 520 ## - SUMMARY, ETC. | |
| Summary, etc | This book contains an overview of a number of cases that established important precedents in English contract law. |
| 650 #7 - SUBJECT ADDED ENTRY--TOPICAL TERM | |
| Topical term or geographic name as entry element | Contracts. |
| Source of heading or term | BUEsh |
| 9 (RLIN) | 40461 |
| 651 ## - SUBJECT ADDED ENTRY--GEOGRAPHIC NAME | |
| Source of heading or term | BUEsh |
| 653 ## - INDEX TERM--UNCONTROLLED | |
| Resource For college | Law |
| Arrived date list | July2016 |
| 700 1# - ADDED ENTRY--PERSONAL NAME | |
| Personal name | Finch, Gerard B. |
| Fuller form of name | (Gerard Brown), |
| Dates associated with a name | 1835-1913 |
| Relator term | a selection of cases on the English law of contract. |
| 9 (RLIN) | 40462 |
| 942 ## - ADDED ENTRY ELEMENTS (KOHA) | |
| Source of classification or shelving scheme | Dewey Decimal Classification |
| Call number prefix | 349.602 KEN |
| Edition | 22 |
| Withdrawn status | Item status | Source of classification or shelving scheme | Damaged status | Not for loan | Vendor | Home library | Current library | Shelving location | Date acquired | Source of acquisition | Cost, normal purchase price | Serial Enumeration / chronology | Total Checkouts | Total Renewals | Full call number | Barcode | Date last seen | Date last borrowed | Cost, replacement price | Koha item type |
|---|---|---|---|---|---|---|---|---|---|---|---|---|---|---|---|---|---|---|---|---|
| Dewey Decimal Classification | Baccah | Central Library | Central Library | First floor | 26/07/2016 | Purchase | 420.00 | 26080 | 1 | 1 | 349.602 KEN | 000032938 | 15/07/2025 | 03/11/2024 | 525.00 | Book - Borrowing |